Statistics for UK Grebes and Divers

Click here to take the quiz!

General Stats

  • This quiz has been taken 3 times
  • The average score is 4 of 7

Answer Stats

Answer% Correct
Red-throated diver
100%
Great crested grebe
67%
Little grebe
67%
Red-necked grebe
67%
Black-necked grebe
33%
Black-throated diver
33%
Slavonian grebe
33%

Score Distribution

Percentile by Number Answered

Percent of People with Each Score

Your Score History

You have not taken this quiz